| 000 | 00491 a2200145 4500 | ||
|---|---|---|---|
| 999 |
_c10330 _d10330 |
||
| 020 | _a717801632 | ||
| 050 | _aHB163 MAR 1963 | ||
| 100 |
_aMarx, Karl _eauthor |
||
| 245 |
_aThe poverty of philosophy. _bwith an introduction by Frederick Engels / _cby Karl Marx |
||
| 264 |
_aNew York : _bInternational Publishers, _c1963 |
||
| 300 | _a233p. : | ||
| 500 | _aBibliographical references included in "Editorial notes" [p. 225-230]. | ||
| 650 | _aMarxian economics | ||
| 942 |
_2lcc _cBK _h163 _iMAR _kHB |
||